[Event "Titled Tuesday intern op 16th Apr Early"]
[Site "Chess.com INT"]
[Date "2024.04.16"]
[Round "5"]
[White "Demchenko, Anton"]
[Black "Gordon, Frederick"]
[Result "1-0"]
[WhiteElo "2609"]
[BlackElo "2362"]
[PlyCount "45"]
[EventDate "2024.04.16"]
[EventType "swiss (blitz)"]
[EventRounds "11"]
[EventCountry "USA"]
[SourceTitle "CB17_2024"]
[SourceDate "2024.04.24"]
[SourceVersion "1"]
[SourceVersionDate "2024.04.24"]
[SourceQuality "1"]

1. e4 e5 2. Nf3 Nc6 3. Bc4 Nf6 4. d3 Bc5 5. Bg5 h6 6. Bh4 d6 7. c3 g5 8. Bg3 Bb6 9. Nbd2 Be6 10. a4 a5 11. Bxe6 fxe6 12. Qb3 Qe7 13. Nc4 Nd7 14. h4 g4 15. Nfd2 Nc5 16. Qc2 Ba7 17. h5 Qf6 18. 0-0-0 Nd7 19. Na3 Qf7 20. Nb5 0-0-0 21. Nc4 Bb6 22. Ncxd6+ cxd6 23. Nxd6+ 1-0

[Event "Titled Tuesday intern op 16th Apr Early"]
[Site "Chess.com INT"]
[Date "2024.04.16"]
[Round "9"]
[White "Gordon, Frederick"]
[Black "Baules Rodriguez, Jorge Luis"]
[Result "1-0"]
[WhiteElo "2362"]
[BlackElo "2283"]
[PlyCount "87"]
[EventDate "2024.04.16"]
[EventType "swiss (blitz)"]
[EventRounds "11"]
[EventCountry "USA"]
[SourceTitle "CB17_2024"]
[SourceDate "2024.04.24"]
[SourceVersion "1"]
[SourceVersionDate "2024.04.24"]
[SourceQuality "1"]

1. d4 Nf6 2. c4 g6 3. Nc3 d5 4. Nf3 Bg7 5. Qb3 dxc4 6. Qxc4 Be6 7. Qb5+ Bd7 8. Qxb7 Nc6 9. Qb3 Rb8 10. Qd1 Bf5 11. a3 Ne4 12. e3 e5 13. Bb5 Qd6 14. Qa4 Rb6 15. d5 Nxc3 16. Bxc6+ Rxc6 17. Qxc6+ Qxc6 18. dxc6 Nb5 19. Ke2 Be6 20. Rd1 0-0 21. a4 Nd6 22. Ra3 Rb8 23. Nd2 Bf8 24. Rc3 e4 25. b3 Bg7 26. Rc2 Be5 27. Ba3 f5 28. b4 a6 29. Rb1 Kf7 30. Rc5 Bf6 31. b5 axb5 32. axb5 Nc8 33. Rc2 Ra8 34. Bc5 Be7 35. Bd4 Bd6 36. Nc4 Bxc4+ 37. Rxc4 Ra2+ 38. Rb2 Ra5 39. g3 Ke6 40. Rcc2 Kd5 41. b6 cxb6 42. Bxb6 Ra6 43. Bd4 Rxc6 44. Rb5+ 1-0

[Event "Titled Tuesday intern op 16th Apr Early"]
[Site "Chess.com INT"]
[Date "2024.04.16"]
[Round "7"]
[White "Spichkin, Alexander"]
[Black "Gordon, Frederick"]
[Result "0-1"]
[WhiteElo "2035"]
[BlackElo "2362"]
[PlyCount "62"]
[EventDate "2024.04.16"]
[EventType "swiss (blitz)"]
[EventRounds "11"]
[EventCountry "USA"]
[SourceTitle "CB17_2024"]
[SourceDate "2024.04.24"]
[SourceVersion "1"]
[SourceVersionDate "2024.04.24"]
[SourceQuality "1"]

1. f4 f5 2. e4 fxe4 3. d3 exd3 4. Bxd3 Nf6 5. Nf3 e6 6. Ng5 Qe7 7. Nc3 g6 8. h4 Qg7 9. h5 Nxh5 10. Rxh5 gxh5 11. Qxh5+ Ke7 12. f5 h6 13. Nf3 Qf7 14. Qh4+ Qf6 15. Qc4 c6 16. Ne4 d5 17. Qc5+ Kf7 18. fxe6+ Qxe6 19. Qc3 Bg7 20. Qb3 b5 21. Nd4 Bxd4 22. Be2 dxe4 23. c3 Qxb3 24. axb3 Bb6 25. Bf4 Be6 26. 0-0-0 Nd7 27. Rd6 Bc7 28. Bh5+ Ke7 29. Rxe6+ Kxe6 30. Bxc7 Ne5 31. Ba5 Rhg8 0-1

[Event "Titled Tuesday intern op 02nd Apr Early"]
[Site "Chess.com INT"]
[Date "2024.04.02"]
[Round "9"]
[White "Gordon, Frederick"]
[Black "Romero Pallares, Daniel"]
[Result "0-1"]
[WhiteElo "2362"]
[BlackElo "2290"]
[PlyCount "82"]
[EventDate "2024.04.02"]
[EventType "swiss (blitz)"]
[EventRounds "11"]
[EventCountry "USA"]
[SourceTitle "CB15_2024"]
[SourceDate "2024.04.10"]
[SourceVersion "1"]
[SourceVersionDate "2024.04.10"]
[SourceQuality "1"]

1. d4 g6 2. Nf3 d6 3. e4 Bg7 4. c4 Bg4 5. Be2 Nc6 6. Be3 e5 7. d5 Bxf3 8. Bxf3 Nd4 9. Nc3 c5 10. dxc6 bxc6 11. h4 h5 12. Be2 Qb6 13. Qd2 Nf6 14. f3 Nc2+ 15. Qxc2 Qxe3 16. Qd3 Qxd3 17. Bxd3 Rb8 18. 0-0-0 Ke7 19. Kb1 Nd7 20. Be2 Nc5 21. b3 Bh6 22. Bd3 Be3 23. Bc2 a5 24. Ne2 Rb7 25. Kb2 Rhb8 26. Kc3 Ne6 27. Kd3 Bc5 28. Rb1 Bf2 29. Rbf1 Bc5 30. Rb1 f5 31. Kd2 Kf6 32. Rhf1 Rg7 33. Ng3 f4 34. Ne2 g5 35. g3 gxh4 36. gxh4 Rg2 37. Kd3 Rbg8 38. Rh1 Bb4 39. Bd1 Rf2 40. Rh3 Rgg2 41. Rc1 Nd4 0-1

[Event "British Rapidplay"]
[Site "Peterborough"]
[Date "2024.03.03"]
[Round "7"]
[White "Khoury, Theo"]
[Black "Gordon, Frederick"]
[Result "0-1"]
[WhiteElo "2113"]
[BlackElo "2376"]
[PlyCount "124"]
[EventDate "2024.03.02"]
[EventType "swiss (rapid)"]
[EventRounds "11"]
[EventCountry "ENG"]
[SourceTitle "CB10_2024"]
[SourceDate "2024.03.06"]
[SourceVersion "1"]
[SourceVersionDate "2024.03.06"]
[SourceQuality "1"]

1. e4 c5 2. Nf3 Nc6 3. d4 cxd4 4. Nxd4 Nf6 5. Nc3 e5 6. Ndb5 d6 7. Bg5 a6 8. Na3 b5 9. Nd5 Be7 10. Bxf6 Bxf6 11. c3 0-0 12. Nc2 Rb8 13. h4 g6 14. g3 Bg7 15. h5 Ne7 16. Bg2 Nxd5 17. Qxd5 Be6 18. Qd2 a5 19. Ne3 b4 20. c4 b3 21. a3 a4 22. Nd5 Rc8 23. Rc1 Bxd5 24. Qxd5 Qg5 25. Rc3 Rc5 26. Qd2 Bh6 27. Qxg5 Bxg5 28. hxg6 hxg6 29. Bh3 f5 30. Bg2 d5 31. exf5 d4 32. Rd3 gxf5 33. Bd5+ Kg7 34. f4 Bf6 35. fxe5 Bxe5 36. Kf2 Rd8 37. Kf3 Kg6 38. g4 Rf8 39. gxf5+ Rxf5+ 40. Ke4 Rg5 41. Rdh3 Bg7 42. Kd3 Rc7 43. Rf1 Be5 44. Rf2 Rg1 45. Be4+ Kg5 46. Rf5+ Kg4 47. Rh6 Rg3+ 48. Kd2 Bf4+ 49. Rxf4+ Kxf4 50. Bd5 d3 51. Rh4+ Kg5 52. Rh2 Re7 53. Rf2 Rge3 54. Bc6 Re2+ 55. Rxe2 dxe2 56. Ke1 Kf4 57. c5 Ke3 58. Bb5 Re5 59. Bxe2 Rxc5 60. Kd1 Rd5+ 61. Ke1 Rd2 62. Bb5 Rxb2 0-1

[Event "British Rapidplay"]
[Site "Peterborough"]
[Date "2024.03.02"]
[Round "4"]
[White "Gordon, Frederick"]
[Black "Cheng, Louis"]
[Result "1-0"]
[WhiteElo "2376"]
[BlackElo "1826"]
[PlyCount "65"]
[EventDate "2024.03.02"]
[EventType "swiss (rapid)"]
[EventRounds "11"]
[EventCountry "ENG"]
[SourceTitle "CB10_2024"]
[SourceDate "2024.03.06"]
[SourceVersion "1"]
[SourceVersionDate "2024.03.06"]
[SourceQuality "1"]

1. d4 Nf6 2. c4 g6 3. Nc3 d5 4. Nf3 Bg7 5. Qb3 dxc4 6. Qxc4 0-0 7. e4 c6 8. Be2 Be6 9. Qd3 Qa5 10. 0-0 Rd8 11. Bd2 Qc7 12. Rac1 Na6 13. Qb1 Qb6 14. h3 Rac8 15. Na4 Qc7 16. Bxa6 bxa6 17. Nc5 Nh5 18. Nxe6 fxe6 19. e5 Rf8 20. Qe4 Qd7 21. Rc5 Bh8 22. g4 Ng7 23. Bh6 Rxf3 24. Qxf3 Qxd4 25. Qc3 Qe4 26. Re1 Qa4 27. Ra5 Qb5 28. Rxb5 axb5 29. Qc5 Kf7 30. Rd1 Ne8 31. Rd7 Rc7 32. Qxe7+ Kg8 33. Qf8# 1-0

[Event "Titled Tuesday intern op 13th Feb Early"]
[Site "Chess.com INT"]
[Date "2024.02.13"]
[Round "11"]
[White "Gordon, Frederick"]
[Black "Sarana, Alexey"]
[Result "0-1"]
[WhiteElo "2365"]
[BlackElo "2697"]
[PlyCount "98"]
[EventDate "2024.02.13"]
[EventType "swiss (blitz)"]
[EventRounds "11"]
[EventCountry "USA"]
[SourceTitle "CB08_2024"]
[SourceDate "2024.02.21"]
[SourceVersion "1"]
[SourceVersionDate "2024.02.21"]
[SourceQuality "1"]

1. d4 Nf6 2. c4 e6 3. Nf3 d5 4. Nc3 Nbd7 5. Bf4 Bb4 6. e3 c5 7. a3 Bxc3+ 8. bxc3 Qa5 9. Qc2 Ne4 10. cxd5 exd5 11. Rc1 0-0 12. a4 Ndf6 13. Bd3 c4 14. Bxe4 Nxe4 15. Nd2 Nxd2 16. Kxd2 Bd7 17. Ra1 Rfe8 18. Rhb1 b6 19. Rb4 Re6 20. Bg3 Rae8 21. Re1 Qa6 22. Ra1 h6 23. Qa2 Re4 24. a5 b5 25. Qc2 Qg6 26. Re1 Bf5 27. Qd1 a6 28. Kc1 h5 29. Rg1 h4 30. Bf4 Qf6 31. g4 Bg6 32. Qd2 Bh7 33. g5 Qd8 34. Be5 Qxa5 35. Kb2 Qb6 36. Kc1 a5 37. Rb2 b4 38. cxb4 axb4 39. Qxb4 Qe6 40. Qd6 Qf5 41. Rb8 R4xe5 42. g6 Bxg6 43. Rxg6 Re4 44. Rg2 h3 45. Rg3 Qxf2 46. Rxe8+ Rxe8 47. Qxd5 Qf1+ 48. Kb2 Rb8+ 49. Kc3 Qd3# 0-1

[Event "Titled Tuesday intern op 13th Feb Early"]
[Site "Chess.com INT"]
[Date "2024.02.13"]
[Round "4"]
[White "Gordon, Frederick"]
[Black "Shymanskyi, Oleksandr"]
[Result "1-0"]
[WhiteElo "2365"]
[BlackElo "2284"]
[PlyCount "98"]
[EventDate "2024.02.13"]
[EventType "swiss (blitz)"]
[EventRounds "11"]
[EventCountry "USA"]
[SourceTitle "CB08_2024"]
[SourceDate "2024.02.21"]
[SourceVersion "1"]
[SourceVersionDate "2024.02.21"]
[SourceQuality "1"]

1. d4 Nf6 2. c4 e6 3. Nf3 d5 4. Nc3 b6 5. cxd5 exd5 6. Bg5 Bb7 7. e3 Be7 8. Bxf6 Bxf6 9. Rc1 c6 10. Bd3 0-0 11. 0-0 h6 12. b4 Re8 13. Ne2 Nd7 14. Qa4 a5 15. b5 c5 16. Bf5 c4 17. Nc3 Nf8 18. Qd1 g6 19. Bc2 Rc8 20. a4 Kg7 21. Qe2 Ne6 22. Rfd1 h5 23. g3 h4 24. Kg2 Qd7 25. Qd2 Rh8 26. Rh1 Rcd8 27. h3 hxg3 28. fxg3 Rh7 29. h4 Rdh8 30. Rcf1 Rh5 31. Qf2 Qe7 32. Bd1 Nc7 33. Nd2 R5h7 34. Bf3 Qd6 35. e4 dxe4 36. Ndxe4 Qxd4 37. Nxf6 Qxf2+ 38. Rxf2 Bxf3+ 39. Rxf3 Rh6 40. Nfd5 Ne6 41. Nxb6 Rd8 42. Nxc4 Rc8 43. Nxa5 Rh5 44. Nc6 Rc5 45. Rd1 Rc7 46. Rd5 Rc4 47. Rd6 Rc5 48. a5 Rc4 49. a6 Rb4 1-0

[Event "BCF-chT 2324 (4NCL)"]
[Site "England"]
[Date "2024.02.11"]
[Round "6.4"]
[White "Bates, Richard"]
[Black "Gordon, Frederick"]
[Result "1/2-1/2"]
[WhiteElo "2317"]
[BlackElo "2365"]
[PlyCount "55"]
[EventDate "2023.11.11"]
[EventType "team-tourn"]
[EventRounds "11"]
[EventCountry "ENG"]
[SourceTitle "CB11_2024"]
[SourceDate "2024.03.13"]
[SourceVersion "1"]
[SourceVersionDate "2024.03.13"]
[SourceQuality "1"]
[WhiteTeam "Blackthorne Russia"]
[BlackTeam "Alba"]
[WhiteTeamCountry "ENG"]
[BlackTeamCountry "ENG"]

1. d4 d5 2. Nf3 Nf6 3. g3 c6 4. Bg2 Bf5 5. 0-0 h6 6. c4 e6 7. Nc3 Be7 8. b3 0-0 9. Bb2 Nbd7 10. Nd2 Qc7 11. Rc1 Qa5 12. a3 b5 13. b4 Qb6 14. cxb5 cxb5 15. Nb3 Ne4 16. Nxe4 Bxe4 17. Bxe4 dxe4 18. d5 Rfc8 19. Na5 Qd6 20. Nc6 Bg5 21. dxe6 Qxe6 22. Nd4 Qd5 23. Nb3 Qxd1 24. Rxc8+ Rxc8 25. Rxd1 Nb6 26. h4 Be7 27. Bd4 Nc4 28. Bxa7 1/2-1/2

[Event "Titled Tuesday intern op 06th Feb Early"]
[Site "Chess.com INT"]
[Date "2024.02.06"]
[Round "11"]
[White "Sharshenbekov, Emir"]
[Black "Gordon, Frederick"]
[Result "1-0"]
[WhiteElo "1881"]
[BlackElo "2365"]
[PlyCount "85"]
[EventDate "2024.02.06"]
[EventType "swiss (blitz)"]
[EventRounds "11"]
[EventCountry "USA"]
[SourceTitle "CB07_2024"]
[SourceDate "2024.02.14"]
[SourceVersion "1"]
[SourceVersionDate "2024.02.14"]
[SourceQuality "1"]

1. g3 d5 2. Bg2 c6 3. f4 e6 4. Nf3 Nf6 5. 0-0 Bd6 6. d3 Nbd7 7. Nc3 0-0 8. e4 e5 9. f5 d4 10. Ne2 Ne8 11. g4 Nc7 12. Ng3 c5 13. g5 b5 14. h4 f6 15. Nh2 Be7 16. Qh5 Qe8 17. g6 h6 18. Ng4 Bd6 19. Bxh6 gxh6 20. Qxh6 Qe7 21. h5 Rd8 22. Qd2 c4 23. h6 Nc5 24. Nh5 Ne8 25. h7+ Kh8 26. Nh6 Ng7 27. Nf7+ Qxf7 28. gxf7 Nxh5 29. Qh6 Ng7 30. Qxf6 Bb7 31. Rf3 Bf8 32. Rg3 Nd7 33. Qg6 Rac8 34. f6 Nxf6 35. Qxf6 cxd3 36. cxd3 Rd6 37. Qxe5 Re6 38. Qxb5 Ba6 39. Qd5 Rd6 40. Qe5 Re6 41. Qa5 Rc2 42. Bh3 Rh6 43. Qd8 1-0

[Event "Titled Tuesday intern op 09th Jan Early"]
[Site "Chess.com INT"]
[Date "2024.01.09"]
[Round "2"]
[White "Durarbayli, Vasif"]
[Black "Gordon, Frederick"]
[Result "1-0"]
[WhiteElo "2627"]
[BlackElo "2359"]
[PlyCount "73"]
[EventDate "2024.01.09"]
[EventType "swiss (blitz)"]
[EventRounds "11"]
[EventCountry "USA"]
[SourceTitle "CB03_2024"]
[SourceDate "2024.01.17"]
[SourceVersion "1"]
[SourceVersionDate "2024.01.17"]
[SourceQuality "1"]

1. c4 c5 2. Nc3 g6 3. Nf3 Bg7 4. e3 Nf6 5. d4 cxd4 6. exd4 d5 7. cxd5 Nxd5 8. Bc4 Nxc3 9. bxc3 0-0 10. 0-0 Qc7 11. Bb3 Qxc3 12. Ba3 Nc6 13. Rc1 Qa5 14. Bc5 b6 15. Bd5 bxc5 16. Rxc5 Qa3 17. Bxc6 Rb8 18. Bd5 Bg4 19. Bb3 Qb4 20. Rc4 Qd6 21. Ra4 Bxf3 22. Qxf3 Bxd4 23. Rc1 Bb6 24. h4 Qd2 25. Rd1 Qb2 26. Rd7 Qa1+ 27. Kh2 Qe5+ 28. g3 e6 29. Re4 Qc5 30. Rf4 f5 31. Bxe6+ Kh8 32. Kg2 Rbd8 33. Rc4 Qe5 34. Re7 Qf6 35. Qb7 Qxe7 36. Qxe7 Rfe8 37. Qf6# 1-0

[Event "Hastings Masters op"]
[Site "Hastings"]
[Date "2023.12.31"]
[Round "4"]
[White "Gordon, Frederick"]
[Black "Sivanandan, Bodhana"]
[Result "1-0"]
[WhiteElo "2338"]
[BlackElo "1857"]
[PlyCount "155"]
[EventDate "2023.12.28"]
[EventType "swiss"]
[EventRounds "9"]
[EventCountry "ENG"]
[SourceTitle "CB02_2024"]
[SourceDate "2024.01.10"]
[SourceVersion "1"]
[SourceVersionDate "2024.01.10"]
[SourceQuality "1"]

1. d4 d5 2. c4 c6 3. Nc3 Nf6 4. Nf3 e6 5. e3 Nbd7 6. Bd3 dxc4 7. Bxc4 b5 8. Bd3 Bd6 9. 0-0 0-0 10. Qc2 Bb7 11. h3 h6 12. e4 e5 13. Rd1 Qc7 14. Be3 a6 15. dxe5 Nxe5 16. Nxe5 Bxe5 17. Bc5 Rfe8 18. a4 Rad8 19. Ne2 Rd7 20. f3 Nh5 21. a5 Qd8 22. Bf2 Qf6 23. Rab1 Nf4 24. Nxf4 Qxf4 25. Kf1 Red8 26. Be2 Rd2 27. g3 Rxd1+ 28. Rxd1 Qf6 29. f4 Bc7 30. Rxd8+ Qxd8 31. b4 Bc8 32. Kg2 Qe8 33. e5 Bd7 34. Bb6 Bb8 35. Qd2 Be6 36. Bf3 Qd7 37. Qxd7 Bxd7 38. Bc5 g5 39. fxg5 hxg5 40. Bd4 Bc7 41. Be4 Bd8 42. Bc5 Bc7 43. Bd6 Bxd6 44. exd6 f5 45. Bc2 Kf7 46. Bb3+ Kf6 47. h4 gxh4 48. gxh4 Be8 49. Kg3 Ke5 50. Bf7 f4+ 51. Kf3 Bd7 52. h5 Kxd6 53. h6 Bf5 54. Kxf4 Bh7 55. Kg5 Ke5 56. Bg6 Bg8 57. Bb1 Kd4 58. Kg6 c5 59. Kg7 Bb3 60. bxc5 Kxc5 61. h7 Kb4 62. h8Q Kxa5 63. Qd8+ Ka4 64. Qb6 a5 65. Bd3 Bc4 66. Bxc4 bxc4 67. Qb2 c3 68. Qxc3 Kb5 69. Qb3+ Ka6 70. Kf6 Ka7 71. Qb5 Ka8 72. Qxa5+ Kb7 73. Qc5 Ka8 74. Qb5 Ka7 75. Ke7 Ka8 76. Kd6 Ka7 77. Kc7 Ka8 78. Qb8# 1-0

[Event "Hastings Masters op"]
[Site "Hastings"]
[Date "2023.12.30"]
[Round "3"]
[White "Liu, Tianyi"]
[Black "Gordon, Frederick"]
[Result "0-1"]
[WhiteElo "2022"]
[BlackElo "2338"]
[PlyCount "72"]
[EventDate "2023.12.28"]
[EventType "swiss"]
[EventRounds "9"]
[EventCountry "ENG"]
[SourceTitle "CB02_2024"]
[SourceDate "2024.01.10"]
[SourceVersion "1"]
[SourceVersionDate "2024.01.10"]
[SourceQuality "1"]

1. e4 c5 2. Nf3 Nc6 3. d4 cxd4 4. Nxd4 Nf6 5. Nc3 e5 6. Ndb5 d6 7. Bg5 a6 8. Na3 b5 9. Nd5 Be7 10. Bxf6 Bxf6 11. c3 0-0 12. Nc2 Rb8 13. h4 g6 14. h5 Bg7 15. Nce3 Qg5 16. g3 Rb7 17. Bh3 Be6 18. hxg6 hxg6 19. Qd3 Qd8 20. Kf1 Qc8 21. Kg2 f5 22. exf5 gxf5 23. Rad1 a5 24. a4 bxa4 25. Rd2 Qd7 26. Qc4 Ne7 27. Nxe7+ Qxe7 28. Qxa4 e4 29. Qxa5 Be5 30. Qa4 Qg5 31. Qc6 Rg7 32. Rxd6 Bxg3 33. Rxe6 Qf4 34. Ng4 Qf3+ 35. Kg1 Bxf2+ 36. Kf1 Bh4+ 0-1

[Event "Titled Tuesday intern op 19th Dec Early"]
[Site "Chess.com INT"]
[Date "2023.12.19"]
[Round "2"]
[White "Gordon, Frederick"]
[Black "Dilmukhametov, Artur"]
[Result "1-0"]
[WhiteElo "2338"]
[BlackElo "2276"]
[PlyCount "43"]
[EventDate "2023.12.19"]
[EventType "swiss (blitz)"]
[EventRounds "11"]
[EventCountry "USA"]
[SourceTitle "CB52_2023"]
[SourceDate "2023.12.27"]
[SourceVersion "1"]
[SourceVersionDate "2023.12.27"]
[SourceQuality "1"]

1. Nf3 d5 2. c4 c6 3. d4 Nf6 4. Nc3 g6 5. Bf4 e6 6. e3 Bg7 7. Qb3 0-0 8. Bd3 b6 9. 0-0 Bb7 10. Rfd1 Nh5 11. Be5 f6 12. Bg3 Nxg3 13. hxg3 Nd7 14. e4 Qe7 15. cxd5 exd5 16. exd5 Kh8 17. Re1 Qd6 18. Re6 Qc7 19. d6 Qd8 20. Re7 f5 21. Ng5 Rb8 22. Ne6 1-0

[Event "Titled Tuesday intern op 19th Dec Early"]
[Site "Chess.com INT"]
[Date "2023.12.19"]
[Round "7"]
[White "Stillger, Bernhard"]
[Black "Gordon, Frederick"]
[Result "1/2-1/2"]
[WhiteElo "2283"]
[BlackElo "2338"]
[PlyCount "83"]
[EventDate "2023.12.19"]
[EventType "swiss (blitz)"]
[EventRounds "11"]
[EventCountry "USA"]
[SourceTitle "CB52_2023"]
[SourceDate "2023.12.27"]
[SourceVersion "1"]
[SourceVersionDate "2023.12.27"]
[SourceQuality "1"]

1. Nf3 c5 2. c4 Nc6 3. Nc3 g6 4. e3 e5 5. d4 cxd4 6. exd4 exd4 7. Nxd4 Bg7 8. Be3 Nge7 9. Be2 0-0 10. 0-0 d5 11. cxd5 Nxd5 12. Nxd5 Nxd4 13. Bxd4 Qxd5 14. Bxg7 Qxd1 15. Rfxd1 Kxg7 16. Bf3 Be6 17. Bxb7 Rab8 18. Bd5 Bxd5 19. Rxd5 Rxb2 20. Ra5 Rd8 21. Rxa7 Rdd2 22. Rf1 Rxa2 23. Rxa2 Rxa2 24. g3 h5 25. h4 Kf6 26. Kg2 Kf5 27. Rb1 Ra5 28. Rb7 f6 29. Rb3 Ra4 30. Rf3+ Ke5 31. Re3+ Re4 32. Ra3 Rd4 33. Ra5+ Rd5 34. Ra6 Rd6 35. Ra5+ Rd5 36. Ra6 Kf5 37. Ra3 Rd2 38. Rf3+ Ke5 39. Re3+ Kf5 40. Rf3+ Ke6 41. Re3+ Kf5 42. Rf3+ 1/2-1/2

[Event "Titled Tuesday intern op 14th Nov Early"]
[Site "Chess.com INT"]
[Date "2023.11.14"]
[Round "8"]
[White "Gordon, Frederick"]
[Black "Azali, Tannaz"]
[Result "1-0"]
[WhiteElo "2344"]
[BlackElo "2099"]
[PlyCount "59"]
[EventDate "2023.11.14"]
[EventType "swiss (blitz)"]
[EventRounds "11"]
[EventCountry "USA"]
[SourceTitle "CB47_2023"]
[SourceDate "2023.11.22"]
[SourceVersion "1"]
[SourceVersionDate "2023.11.22"]
[SourceQuality "1"]

1. Nf3 Nf6 2. d4 e6 3. c4 Bb4+ 4. Bd2 Qe7 5. a3 Bxd2+ 6. Nbxd2 b6 7. e4 d6 8. h3 Bb7 9. Bd3 e5 10. d5 0-0 11. b4 a5 12. Nb3 axb4 13. axb4 Nbd7 14. 0-0 Nh5 15. g3 Rxa1 16. Qxa1 Ra8 17. Qb2 g6 18. Ra1 Qd8 19. Kg2 Ng7 20. Nfd2 f5 21. f3 c6 22. Rxa8 Qxa8 23. Qa1 Qxa1 24. Nxa1 b5 25. dxc6 Bxc6 26. cxb5 Bb7 27. Nab3 fxe4 28. fxe4 d5 29. Nc5 dxe4 30. Bc4+ 1-0

[Event "Titled Tuesday intern op 14th Nov Early"]
[Site "Chess.com INT"]
[Date "2023.11.14"]
[Round "2"]
[White "Gordon, Frederick"]
[Black "Bordi, Kevin Claude"]
[Result "0-1"]
[WhiteElo "2344"]
[BlackElo "2288"]
[PlyCount "96"]
[EventDate "2023.11.14"]
[EventType "swiss (blitz)"]
[EventRounds "11"]
[EventCountry "USA"]
[SourceTitle "CB47_2023"]
[SourceDate "2023.11.22"]
[SourceVersion "1"]
[SourceVersionDate "2023.11.22"]
[SourceQuality "1"]

1. Nf3 d5 2. g3 Nf6 3. Bg2 c6 4. 0-0 Bf5 5. b3 e6 6. Bb2 Nbd7 7. c4 Be7 8. d3 0-0 9. Nbd2 h6 10. Qc2 a5 11. a3 Qb6 12. e4 dxe4 13. dxe4 Bg6 14. Bd4 Bc5 15. Bc3 Ng4 16. Nb1 Ndf6 17. Ne5 Nxe5 18. Bxe5 Bd4 19. Bxd4 Qxd4 20. Nc3 Rad8 21. Rfd1 Qc5 22. Rd2 b5 23. Bf1 Rxd2 24. Qxd2 bxc4 25. Bxc4 Bxe4 26. Nxe4 Nxe4 27. Qe2 Nd6 28. Bd3 Rb8 29. Qb2 Qd5 30. Bc2 Nf5 31. Rd1 Qc5 32. Kg2 Ne7 33. Be4 Nd5 34. Rc1 Qb6 35. Bc2 h5 36. Qe5 g6 37. Be4 Rd8 38. Qb2 Ne7 39. Qf6 Nd5 40. Qb2 Qc7 41. Rc5 Qb6 42. Qc2 Nf6 43. Bxc6 Rc8 44. Qc4 Nd7 45. Bxd7 Rxc5 46. Qd4 Qb7+ 47. Kh3 Rd5 48. Qc3 Qxd7 0-1

[Event "Titled Tuesday intern op 14th Nov Early"]
[Site "Chess.com INT"]
[Date "2023.11.14"]
[Round "9"]
[White "Hambleton, Aman"]
[Black "Gordon, Frederick"]
[Result "1-0"]
[WhiteElo "2420"]
[BlackElo "2344"]
[PlyCount "133"]
[EventDate "2023.11.14"]
[EventType "swiss (blitz)"]
[EventRounds "11"]
[EventCountry "USA"]
[SourceTitle "CB47_2023"]
[SourceDate "2023.11.22"]
[SourceVersion "1"]
[SourceVersionDate "2023.11.22"]
[SourceQuality "1"]

1. d4 Nf6 2. Bf4 d5 3. e3 Bf5 4. c4 e6 5. Nc3 c6 6. Qb3 Qd7 7. Nf3 Be7 8. Ne5 Qc8 9. Rc1 Nbd7 10. Be2 0-0 11. 0-0 h6 12. h3 Rd8 13. Rfe1 Nxe5 14. Bxe5 Ne4 15. Nxe4 Bxe4 16. Qc3 Qd7 17. c5 f6 18. Bg3 g5 19. b4 a6 20. a4 f5 21. f3 f4 22. fxe4 fxg3 23. e5 Rf8 24. Qd3 Kg7 25. Bh5 Rf5 26. Rf1 Raf8 27. Bg4 Rf2 28. Rxf2 gxf2+ 29. Kf1 Bd8 30. Bh5 Rf5 31. g4 Rf3 32. Qg6+ Kf8 33. Qxh6+ Kg8 34. Qg6+ Kf8 35. Ke2 Rxh3 36. Rf1 Rh2 37. Qh6+ Kg8 38. Qg6+ Kf8 39. Rxf2+ Rxf2+ 40. Kxf2 Qe7 41. Ke2 Bc7 42. Qh6+ Kg8 43. Qg6+ Kf8 44. Kd3 Bd8 45. Qh6+ Kg8 46. Qg6+ Kf8 47. e4 dxe4+ 48. Kxe4 Qd7 49. Qh6+ Kg8 50. Qg6+ Kf8 51. Ke3 Qe7 52. Qh6+ Kg8 53. Qg6+ Kf8 54. Kd3 Qd7 55. Kc3 Bc7 56. Qh6+ Kg8 57. Qg6+ Kf8 58. Qf6+ Kg8 59. Qxg5+ Qg7 60. Qxg7+ Kxg7 61. Be8 Kf8 62. Bd7 Ke7 63. Bc8 Kd8 64. Bxb7 a5 65. b5 cxb5 66. axb5 Bb8 67. b6 1-0